LEADER 01208nam a2200241 i 4500 001 000000053678 003 CaOOAMICUS 005 20260420123306.0 008 090922s1961 bl u000 u ger u 040 $aSeMil$bita 100 1 $aEtspüler, Josef .$0(OLS)http://semarc/name/26518 245 14$aDas Göttliche Wort im Künder der Christlichen Wahrheit nach dem hl. Bonaventura /$cauctore p. Josepho Etspüler. 264 1$aPorto Alegre :$b[s.n.],$c1961. 300 $a80 p. ;$c23 cm. 500 $aIn mezzo al front.: Dissertatio ad Lauream in Facultate Theologica Pontificiae Universitatis Gregorianae 650 04$aBonaventura : da Bagnorea - Teologia.$0(OLS)http://semarc/subject/45537 650 4$aTesi di laurea.$0(OLS)http://semarc/subject/1690 710 2 $aPontificia Universitŕ Gregoriana .$0(OLS)http://semarc/name/5 850 $aSeMil 852 $aSeMil$W1$xVenegono$y1$m4Z I 86$j270507$B19832$CSeMilBibl$Z2$F19834 $81 996 $6245$aDas Göttliche Wort im Künder der Christlichen Wahrheit nach dem hl. Bonaventura$9(OLS)http://semarc/title/82761 996 $6264$aPorto Alegre :$b[s.n.]$9(OLS)http://semarc/publisher/41615